[Event "Antananarivo Elo May"]
[Site "Antananarivo"]
[Date "2022.05.09"]
[Round "2"]
[White "Razafinarivo, Robson Fils"]
[Black "Razafindrabe, Bakoly"]
[Result "1-0"]
[WhiteElo "1702"]
[BlackElo "1203"]
[PlyCount "73"]
[EventDate "2022.05.07"]
[EventType "swiss"]
[EventRounds "6"]
[EventCountry "MAD"]
[SourceTitle "EXT 2023"]
[Source "ChessBase"]
[SourceDate "2022.10.05"]
[SourceVersion "1"]
[SourceVersionDate "2022.10.05"]
[SourceQuality "1"]

1. d4 d5 2. c4 Nf6 3. Nc3 e6 4. e3 Bb4 5. Bd2 Bxc3 6. Bxc3 a6 7. Bb4 b6 8. a4 Nbd7 9. Nf3 Bb7 10. c5 bxc5 11. dxc5 Bc6 12. Nd4 Ne5 13. f4 Neg4 14. Nxc6 Qd7 15. Ne5 Nxe5 16. fxe5 Ne4 17. Bd3 f5 18. Bxe4 fxe4 19. 0-0 c6 20. Ba5 Qe7 21. Bb6 Qg5 22. Rf4 Ke7 23. Qg4 Qxg4 24. Rxg4 g6 25. Rf4 g5 26. Rf6 Raf8 27. Raf1 h5 28. Bc7 Rxf6 29. Rxf6 g4 30. Bd6+ Kd7 31. Rf7+ Ke8 32. Ra7 Rh6 33. Rxa6 Rh7 34. Ra8+ Kf7 35. Ra7+ Kg6 36. Rxh7 Kxh7 37. a5 1-0

[Event "Antananarivo Elo May"]
[Site "Antananarivo"]
[Date "2022.05.08"]
[Round "5"]
[White "Nomenjanahary, Fanilo"]
[Black "Razafinarivo, Robson Fils"]
[Result "0-1"]
[WhiteElo "1470"]
[BlackElo "1702"]
[PlyCount "46"]
[EventDate "2022.05.07"]
[EventType "swiss"]
[EventRounds "6"]
[EventCountry "MAD"]
[SourceTitle "EXT 2023"]
[Source "ChessBase"]
[SourceDate "2022.10.05"]
[SourceVersion "1"]
[SourceVersionDate "2022.10.05"]
[SourceQuality "1"]

1. d4 Nf6 2. Nf3 e6 3. Bf4 d5 4. e3 c5 5. Nbd2 Nc6 6. c3 Bd6 7. Bg3 0-0 8. Bd3 c4 9. Bc2 b5 10. Ne5 Bb7 11. 0-0 a5 12. f4 Nd7 13. Ndf3 f6 14. Bxh7+ Kxh7 15. Ng5+ fxg5 16. Qh5+ Kg8 17. fxg5 Ncxe5 18. Rxf8+ Nxf8 19. dxe5 Bc5 20. Bf4 Qe8 21. Qg4 Ng6 22. Rf1 Nxf4 23. Qxf4 Qf8 0-1